Biblioteca

The elements of the spiritual life (Registro nro. 45941)

Detalles MARC
000 -LÍDER
Campo fijo de descripción fija 01273aam a2200289 i 4500
001 - NÚMERO DE CONTROL
Campo de control 768714001
003 - IDENTIFICADOR DEL NÚMERO DE CONTROL
Campo de control CO-MdFUSB
005 - FECHA Y HORA DE LA ULTIMA TRANSACCIÓN
control field 20250519102005.0
007 - CAMPO FIJO DE DESCRIPCIÓN FIJA--INFORMACIÓN GENERAL
Campo fijo de descripción fija ta
008 - ELEMENTOS DE LONGITUD FIJA -- INFORMACIÓN GENERAL
Campo fijo de descripción fija -- Información general 250519t1934 nyu |||| |||| 00| 0 eng d
040 ## - FUENTE DE CATALOGACIÓN
Agencia que realiza la transcripción CO-MdFUSB
041 ## - CÓDIGO DE IDIOMA
Código de idioma para texto/pista de sonido o título separado eng
082 04 - NÚMERO DE CLASIFICACIÓN DECIMAL DEWEY
Número de la edición del Dewey 23
Número de clasificación 248.22
Clave de autor-Numero de item H17e
100 1# - ASIENTO PRINCIPAL--NOMBRE PERSONAL
Nombre personal Harton, F. P.
Término relacionador autor
245 10 - TÍTULO
Título del Material The elements of the spiritual life
Parte restante del título - Subtitulo : a study in ascetical theology
Mención de responsabilidad, etc. / F. P. Harton
264 #0 - PRODUCCIÓN, PUBLICACIÓN, DISTRIBUCIÓN, MANUFACTURA, Y COPYRIGHT
Nombre del productor, publicador, distribuidor SPCK,
Lugar de producción, publicación, distribución, manufactura Estados Unidos :
Fecha de producción, publicación, distribución, manufactura, o copyright [1934]
300 ## - DESCRIPCIÓN FÍSICA
Extensión 344 páginas
336 ## - TIPO DE CONTENIDO
Término de tipo de contenido texto
Código de tipo de contenido txt
Fuente rdacontent
337 ## - TIPO DE MEDIO
Fuente rdamedia
Nombre del tipo de medio sin mediación
Código del tipo de medio n
338 ## - TIPO DE SOPORTE
Fuente rdacarrier
Nombre del tipo de soporte volumen
Código Tipo de soporte nc
505 ## - NOTA DE CONTENIDO
Nota de contenido con formato preestablecido La vida cristiana - La gracia habitual - La gracia real - Las virtudes teológicas - Las virtudes cardinales - Los dones del Espíritu - La naturaleza humana y el pecado - Los enemigos del alma - Tentación - El pecado real - Los pecados capitales - Arrepentimiento - La mortificación - Los sacramentos - La oración y sus divisiones - Meditación - La oración afectiva - La oración contemplativa - Recolección - La oración litúrgica - Perfección - Los tres caminos - La dirección de las almas
563 ## - NOTA DE ENCUADERNACIÓN
Nota de encuadernación Pasta dura
650 #0 - ASIENTO SECUNDARIO DE MATERIA - TERMINO TEMÁTICO
Término temático o nombre geográfico como elemento de entrada Vida cristiana
9 (RLIN) 19
942 ## - TIPO DE MATERIAL (KOHA)
Tipo de Item KOHA Libros General
945 ## - INFORMACIÓN LOCAL DEL REGISTRO
Catalogador JTF-925
Existencias
Estado de Material Estado de Perdido Estado de Dañado No para Préstamo Colección Tomo Biblioteca de Origen Biblioteca Permanente Fecha de Adquisición Total de Préstamos Signatura Topográfica Código de Barras Última vez visto Ejemplar/Existencia Fecha de Remplazo Tipo de Material
        Colección General   Biblioteca FUSBC Biblioteca FUSBC 28/04/2015   G 248.22 H17e 19630 12/12/2019 1 26/01/2016 Libros General

Biblioteca FUSBC | Teléfono: (57+4) 349 88 10 Ext. 141| WhatsApp (+57) 3005338115 
E-mail: biblioteca@unisbc.edu.co | Calle 76 87-14 Robledo Palenque, Medellín, Colombia

Con tecnología Koha